Statistics for Castle Trivia

Click here to take the quiz!

General Stats

  • This quiz has been taken 505 times
  • The average score is 9 of 15

Answer Stats

Answer % Correct
Main characterRichard castle
100%
Female detectiveKate Beckett
97%
Male detective who gets married in season 4Kevin Ryan
94%
Daughter of main characterAlexis
87%
Male detective who dates M.E.Javier Esposito
79%
Mother of main characterMartha Rodgers
79%
What season is Caskett official?5
77%
Fictional character based on Beckett and season 3 ep 11Nikki Heat
73%
Name given to triple killer3XK
63%
Who dies and causes bases of storylineBeckett's mother
41%
Season 4 Finale NameAlways
37%
What is Castle's most popular theoryCIA
22%
Season 2 Episode 17, first 2 parterTick Tick Tick
20%
Castle finds out Beckett remembers in this episode47 Seconds
16%
Episode Ryan leads the caseKick the Ballistics
7%

Score Distribution

Percentile by Number Answered

Percent of People with Each Score

Your Score History

You have not taken this quiz